000 00748nab a2200241 u 4500
001 15790
003 HDC
007 cr bn ---aaaaa
008 210219c mydr|noo 0 a may d
040 _aHDC
245 0 _aSabah Bakal Pengeksport Susu Segar
260 _aMalaysia :
_bBernama,
_c2004
336 _atext
_2rdacontent
337 _acomputer
_2rdamedia
338 _aonline resource
_2rdacarrier
650 _adairy milk
_915856
650 _aExport industry
_95987
710 _aBerita Harian
856 _zRequest full-text at [email protected]
942 _2lcc
942 _cNEWS
942 _kNSWO 008324
999 _c13106
_d13106